000 00600nam a22002297a 4500
003 UA-OsUOA
001 65399
007 ta
008 20091124b un ||||| |||| 00| 0 ukr d
090 _a82.09(477)
_bО-53
942 _cBK
040 _aUA-OsUOA
_bukr
_cUA-OsUOA
_dUA-OsUOA
245 _aОлег Зуєвський: "Я входжу в храм..."
300 _a838 с.
955 _a2
041 _aukr
080 _a82.09(477)
020 _a978-966-518-442-3
260 _aК.
_c2007
650 7 _a82 Література. Літературознавство
_2UDC
999 _c352275
_d352275